Siempre pagamos los mismos /

Bibliographic Details
Main Author: Pastor, Paco Francisco Juan (Author)
Format: Electronic eBook
Language:Spanish
Published: Barcelona (España) : Ediciones B, [2012]
Subjects:
Online Access:Digitalia Hispánica

MARC

LEADER 00000nam a2200000Ii 4500
001 DIGEDICNSB0061
003 NyNyDIG
008 221010s2012 sp o 001 0 spa d
006 m o d
007 cr |||||||||||
035 |a (OCoLC)1379468455 
040 |a DGITA  |b eng  |e rda  |e pn  |c DGITA 
020 |a 9788490192306  |q eBook 
020 |z 9788466650830  
043 |a e-sp--- 
050 1 4 |a HB183 ebook 
100 1 |a Pastor, Paco  |q Francisco Juan,  |e author. 
245 1 0 |a Siempre pagamos los mismos /  |c Paco Pastor.  
264 1 |a Barcelona (España) :  |b Ediciones B,  |c [2012] 
300 |a 1 online resource. 
336 |a text  |b txt  |2 rdacontent 
337 |a computer  |b c  |2 rdamedia 
338 |a online resource  |b cr  |2 rdacarrier 
347 |a text file  |2 rdaft 
347 |b EPUB 
500 |a "¿Por qué no sufren la crisis los verdaderos culpables?." 
500 |a Includes index. 
588 0 |a Online resource; title from ePub title page (Digitalia, viewed October 10, 2022) 
650 0 |a Economics. 
650 0 |a Politicians  |z Spain. 
791 2 |a Digitalia (Firm),  |e distributor. 
793 0 |g Digitalia eBook Collection:  |a Ediciones B 
776 0 8 |i Print version:  |a Pastor, Paco Francisco Juan.  |t Siempre pagamos los mismos.  |b 1a edición.  |d Barcelona (España) : Ediciones B, [2012]  |z 9788466650830 
856 4 0 |3 Digitalia Hispánica  |u https://www.digitaliapublishing.com/a/53081/ 
910 |a Premium collection: 2022